000 00706nam a22001937a 4500
999 _c101339
_d101339
005 20181213105126.0
010 _aENG-115446
020 _a9789385493317
_c299.00
035 _aEN-98978
037 _bDBAD/PUB
082 _a320
245 _aRathore political Science for UGC/NET/JRF/SLET/SRF also useful for : IAS/PCS and other competitive examinations /
_ceditied by kunwar Ishwar Singh Rathore
260 _aNew Delhii
_bRathore Publishers & Disrtibutors
_c2016
270 _a202, 2nd Floor 4832/24 Ansari Road,Daryaganj
_bNew Delhi
_e110002
300 _avii,312p.
_c21cm(pbk)
500 _aIncludes index
700 _dRathore,Kunwar Ishwar Singh
942 _2ddc
_cEN
_h320
_mRAT